|
|
|
|
| LEADER |
00000cas a2200000 a 4500 |
| 001 |
vtls001221345 |
| 003 |
SK-MaSNL |
| 005 |
20260228163504.0 |
| 008 |
160414d199u199uxo ar|p 0 0 0slo |
| 015 |
|
|
|a SNBE1996/0201266
|
| 035 |
|
|
|a SNK000166478
|
| 040 |
|
|
|a SNK
|b slo
|c SNK
|e AACR2
|
| 041 |
0 |
|
|a slo
|
| 043 |
|
|
|a e-xo---
|
| 044 |
|
|
|a xo
|c SK
|
| 072 |
|
7 |
|a 33
|x Ekonómia
|2 konspekt
|
| 080 |
|
|
|a 330.34
|2 2011
|
| 080 |
|
|
|a (437.641)
|2 2008
|
| 080 |
|
|
|a (048.8:083.41)
|2 2011
|
| 080 |
|
|
|a (036)
|2 2011
|
| 080 |
|
|
|a 437.641
|2 2011
|
| 110 |
1 |
|
|a Slovensko.
|b Štatistický úrad.
|b Okresné oddelenie Liptovský Mikuláš
|9 158194
|
| 245 |
1 |
0 |
|a Správa o vývoji hospodárstva v okrese Liptovský Mikuláš za rok ...
|
| 246 |
1 |
3 |
|a Správa o vývoji hospodárstva v okrese Liptovský Mikuláš a Ružomberok za rok ...
|f 1996
|
| 260 |
|
|
|a Liptovský Mikuláš
|b Okresné oddelenie Štatistického úradu SR
|
| 300 |
|
|
|a zv.
|b grafy, tab.
|c 21 cm
|
| 310 |
|
|
|a 1x ročne
|
| 490 |
1 |
|
|a Bulletin
|
| 500 |
|
|
|a Popis podľa: r. 1993
|
| 500 |
|
|
|a Súčasťou názvu je označenie kalendárneho roku
|
| 650 |
0 |
7 |
|a ekonomický rozvoj
|2 SNKPH
|9 49952
|
| 651 |
0 |
7 |
|a Liptovský Mikuláš (Slovensko : okres)
|2 SNKPH
|9 31431
|
| 651 |
0 |
7 |
|a Ružomberok (Slovensko : okres)
|2 SNKPH
|9 51838
|
| 655 |
|
7 |
|a štatistické prehľady
|2 SNKPH
|9 70689
|
| 655 |
|
7 |
|a informačné publikácie
|2 SNKPH
|9 70181
|
| 830 |
|
|
|a Bulletin
|9 274137
|
| 910 |
|
|
|a snk
|
| 999 |
|
|
|c 9569
|d 11499
|
| 952 |
|
|
|0 0
|1 0
|4 0
|7 0
|8 0
|a SNK
|b SNK
|d 1997-04-09
|i snkKSP 3492/97
|l 0
|o snkČSD 1949/D/1996
|p 17A0054609
|r 2005-01-02 00:00:00
|w 2026-02-21
|y PREZ
|
| 952 |
|
|
|0 0
|1 0
|4 0
|7 0
|a SNK
|b SNK
|d 1996-10-09
|i snkKSP 8977/96
|l 0
|o snkČSD 1949/D/1995
|p 17A0064296
|r 2005-01-01 00:00:00
|w 2026-02-21
|y PREZ
|
| 952 |
|
|
|0 0
|1 0
|4 0
|7 0
|a SNK
|b SNK
|d 2019-01-09
|i snkKSP 4958/94
|l 0
|o snkČSD 1949/D/1993
|p 17A0882186
|r 2026-02-21 22:20:26
|w 2026-02-21
|y PREZ
|
| 952 |
|
|
|0 0
|1 0
|4 0
|7 0
|8 0
|a SNK
|b SNK
|d 2019-01-09
|i snk2019/601
|l 0
|o snkČSD 1949/D/1994
|p 17A1341908
|r 2026-02-21 22:20:26
|w 2026-02-21
|y PREZ
|